Oscar's house of smoothies / (Record no. 29975)

MARC details
000 -LEADER
fixed length control field 00962nam a22002657a 4500
005 - DATE AND TIME OF LATEST TRANSACTION
control field 20090904100619.0
008 - FIXED-LENGTH DATA ELEMENTS--GENERAL INFORMATION
fixed length control field 090903t xxu||||| |||| 00| 0 eng d
010 ## - LCCN (DPL NO)
LC control number B-356982
020 ## - INTERNATIONAL STANDARD BOOK NUMBER
International Standard Book Number 9789380032320
Terms of availability 80.00
035 ## - SYSTEM CONTROL NUMBER
System control number B-356982
037 ## - SOURCE OF ACQUISITION
Source of stock number/acquisition DBAD / PUB
040 ## - CATALOGING SOURCE
Original cataloging agency dpl
Language of cataloging English
082 ## - DEWEY DECIMAL CLASSIFICATION NUMBER
Classification number S
100 ## - MAIN ENTRY--PERSONAL NAME
Personal name Kelman, Marcy
245 ## - TITLE STATEMENT
Title Oscar's house of smoothies /
Statement of responsibility, etc by Marcy Kelman; illustrated by Alan Batson
260 ## - PUBLICATION, DISTRIBUTION, ETC. (IMPRINT)
Place of publication, distribution, etc Chennai
Name of publisher, distributor, etc Westland
Date of publication, distribution, etc 2009
270 ## - ADDRESS
Address 571, Poonamallee High Road, Kamraj Bhawan, Aminijikarai
City Chennai
Postal code 600029
300 ## - PHYSICAL DESCRIPTION
Extent unpaged
Other physical details col. ill.
Dimensions 22cm(pbk)
490 ## - SERIES STATEMENT
Series statement Handy Manny series
500 ## - GENERAL NOTE
General note Based on the episode by Fred Stoller
650 ## - SUBJECT ADDED ENTRY--TOPICAL TERM
Topical term or geographic name as entry element Children Stories, English
700 ## - ADDED ENTRY--PERSONAL NAME
Personal name Batson, Alan
942 ## - ADDED ENTRY ELEMENTS (KOHA)
Source of classification or shelving scheme Dewey Decimal Classification
Item type English Books
Classification part S
Call number suffix KEL
Holdings
Withdrawn status Lost status Source of classification or shelving scheme Damaged status Not for loan Collection code Home library Current library Date acquired Source of acquisition Cost, normal purchase price Total Checkouts Full call number Barcode Date last seen Copy number Cost, replacement price Koha item type
    Dewey Decimal Classification     Fiction Janak Puri Janak Puri 04/09/2009 DBAD / PUB 80.00 7 S KEL B-356982 27/06/2018 1 80.00 Children Books

© Delhi Public Library
Hit Counter
free hit counter